=LDR 00000nam 2200000 4500 =001 INLIS000000000810142 =005 20251027014801 =035 ##$$a 0010-1025000125 =007 ta =008 251027###########################0###### =020 ##$$a 9789791254151 =082 ##$$a 297.211 =084 ##$$a 297.211 MAH m =245 ##$$a Misteri Akhir Zaman /$c Shalahuddin mahmud =260 ##$$a Jakarta : :$b Darul Haq, =300 ##$; $c 21 cm